00849nam a22001937a 450000500170000000800410001702000180005808200250007610000300010124501270013125000110025826000280026930000100029750000330030765001810034094200120052195201050053399900170063820231102151727.0140922b xxu||||| |||| 00| 0 eng d a968-24-4460-8 21a Eda371.146 A319f aAlanís Huerta, Antonio  aFormación de formadores : fundamentos para el desarrollo de la investigación y la docencia / Alanís Huerta, Antonio  a1a Ed  aMéxicobTrillasc1993 a104 p asi contiene bibliografía  a1. la formación de formadores, aspectos conceptuales y operativos 2. seminarios y talleres de formación para la elaboración y desarrollo de proyectos de investigación  2ddccLB 00102ddc4070a15b15d2014-09-22l0o371.146 A319f 1993p15 005539r2017-12-07t1w2014-09-22yLB c94173d94173